00457nam a2200157 a 4500007000300000008004100003040001200044041000800056044000700064082002300071245008100094260004800175300003800223650003100261852000700292ta200129t2000 xxua|||g |||| 00| 0 eng d aKObeng0 aeng aii04223a307.14bW8931710aNew Paths to Social Development :bCommunity and Global Networks in Action / aWashington , D. C. :bThe World Bank,c2000 avii , 84 cm. :bcol.ill. ;c26 cm 0aSocial planningvTextbooks aKO